Tổng tập văn học các dân tộc thiểu số VN, tập 4. Truyện thơ / Tập 4

Uloženo v:
Podrobná bibliografie
Hlavní autor: Nguyễn Đức Hùng
Médium: Kniha
Jazyk:Vietnamese
Vydáno: ĐN, 2002.
Témata:
Tagy: Přidat tag
Žádné tagy, Buďte první, kdo otaguje tento záznam!
Thư viện lưu trữ: Mạng thư viện Đại học Đà Nẵng
LEADER 01123cam a22003131a 4500
001 000033280
003 9428
005 20211126160642.0
008 151016s2002 000 vie
041 |a VIE 
082 |a 895.922 09  |b NG-H  |2 Tập 4 
100 |a Nguyễn Đức Hùng 
245 0 |a Tổng tập văn học các dân tộc thiểu số VN, tập 4. Truyện thơ /  |c Nguyễn Đức Hùng  |n Tập 4 
260 |a ĐN,  |c 2002. 
300 |a 1030tr. : mh ; 30cm. 
650 |a Nguyễn Đức Hùng, 2002,tục ngữ, truyện thơ, tập 4 
852 |b Chuyên đề  |c Ngôn ngữ tiếng Việt 1 
OWN |a LNN 
AVA |a UDN50  |b LNN  |d 495.923989 NG-H  |e available  |t Error 5001 Not defined in file expand_doc_bib_avail.  |f 1  |g 0  |h N  |i 0  |k 1 
999 |a From the UDN01 
AVA |a UDN50  |b LNN  |d 495.923989 NG-H  |e available  |t Error 5001 Not defined in file expand_doc_bib_avail.  |f 1  |g 0  |h N  |i 0  |k 1 
TYP |a Monograph 
980 |a Mạng thư viện Đại học Đà Nẵng